| 000 | 00519nam a2200181 a 4500 | ||
|---|---|---|---|
| 001 | 22224 | ||
| 005 | 20180713220111.0 | ||
| 008 | 140415s1970 mx 000 0 spa d | ||
| 041 | _aspa | ||
| 082 |
_a860 _bABD |
||
| 100 | 1 | _aABDON MATAMOROS, MARIANO | |
| 245 | 1 | 0 |
_aSINFONIA DE AMOR A PUEBLA CANTOS A LA PROVINCIA, A LA : _bMUJER Y A LA VODA, SONETO, 14 |
| 250 | _a1a ed. | ||
| 260 |
_aMEXICO : _b[S.L.], _c1970 |
||
| 300 | _a52 | ||
| 490 | _aCOL.PUEBLA | ||
| 650 | 1 | 4 |
_aLITERATURA MEXICANA _xSONETOS |
| 999 |
_c22224 _d22224 |
||